| 000 | 01401nam a22003734a 4500 | ||
|---|---|---|---|
| 001 | ebr10361666 | ||
| 003 | CaPaEBR | ||
| 006 | m u | ||
| 007 | cr cn||||||||| | ||
| 008 | 090109s2009 si a s 000 0 eng | ||
| 010 | _z 2009000844 | ||
| 020 | _z9789812833907 | ||
| 020 | _z9812833900 | ||
| 040 |
_aCaPaEBR _cCaPaEBR |
||
| 035 | _a(OCoLC)556203642 | ||
| 043 | _aas----- | ||
| 050 | 1 | 4 |
_aKNE173 _b.M35 2009eb |
| 082 | 0 | 4 |
_a341.24/73 _222 |
| 245 | 0 | 4 |
_aThe making of the ASEAN Charter _h[electronic resource] / _cedited by Tommy Koh, Rosario G. Manalo, Walter Woon. |
| 260 |
_aSingapore ; _aHackensack, NJ : _bWorld Scientific Pub. Co., _cc2009. |
||
| 300 |
_axxvi, 214 p. : _bcol. ill. |
||
| 533 |
_aElectronic reproduction. _bPalo Alto, Calif. : _cebrary, _d2013. _nAvailable via World Wide Web. _nAccess may be limited to ebrary affiliated libraries. |
||
| 610 | 2 | 0 |
_aASEAN _xHistory. |
| 650 | 0 | _aSouth Asian cooperation. | |
| 651 | 0 |
_aSoutheast Asia _xEconomic policy. |
|
| 651 | 0 |
_aSoutheast Asia _xCultural policy. |
|
| 655 | 7 |
_aElectronic books. _2local |
|
| 700 | 1 |
_aKoh, Tommy T. B. _q(Tommy Thong Bee), _d1937- |
|
| 700 | 1 | _aManalo, Rosario G. | |
| 700 | 1 | _aWoon, Walter C. M. | |
| 710 | 2 | _aASEAN. | |
| 710 | 2 | _aebrary, Inc. | |
| 856 | 4 | 0 |
_uhttp://site.ebrary.com/lib/rucke/Doc?id=10361666 _zAn electronic book accessible through the World Wide Web; click to view |
| 999 |
_c106278 _d106278 |
||